000
00250nam a2200097Ia 4500
005
20251222114343.0
008
251222s1900||||xx |||||||||||||| ||spa||
082
_a
DVD0060/C523C/2003/Ej.2
245
0
_a
Charlie: vida y arte de Charles Chaplin:
942
_c
DVD
999
_c
938
_d
938